Niektoré súvislosti transformácie spoločenského kritéria efektívnosti

Bibliographic Details
Main Author: Majtán, Štefan, 1950- (Author)
Format: Article
Language:Slovak
PhysicalDescription:Res. rus., angl., nem.
Subjects:

MARC

LEADER 00000nab a2200000 a 4500
001 vtls000345971
003 SK-MaSNL
005 20260303134037.0
008 230217c1989 xo 0 slo
015 |a SNBRB19rr/mm-uuuuu 
035 |a CL0346093 
035 |a urn:nbn:sk:snk-ab2fvz 
035 |a (urnnbn)urn:nbn:sk:snk:ar-a02dg4 
035 |a (uuid)519f5455-1303-40c5-9946-4fc9a91ce511 
040 |a SNKBUCL  |b slo  |c SNKBUCL  |e AACR2 
041 0 |a slo 
044 |a xo  |c SK 
080 |a 338.244  |2 1981 
080 |a 338.26  |2 1981 
100 1 |a Majtán, Štefan,  |d 1950-  |4 aut  |9 201904 
245 1 0 |a Niektoré súvislosti transformácie spoločenského kritéria efektívnosti  |c Štefan Majtán 
300 |b Res. rus., angl., nem. 
650 0 7 |a hospodárske plánovanie  |2 snkbucl  |9 2285 
650 0 7 |a riadenie hospodárske  |2 snkbucl  |9 948615 
655 7 |a články z novín a časopisov  |2 snkbucl  |9 267496 
773 0 |t Ekonomické rozhľady  |g Roč. 22, č. 1 (1989), s. 24-30 
850 |a Slovenská národná knižnica v Martine  |a MTA001 
852 |a SNK  |b KIS3GCP 
954 |a odborná, vedecká literatúra pôvodná (slovenská)  |2 lita 
958 |a RK 
958 |a OND 
958 |a EUIPO 
958 |a article27 
992 |a RBX 
999 |c 1959721  |d 1961651